<?xml version="1.0" encoding="UTF-8"?>
<collection xmlns:xsi="http://www.w3.org/2001/XMLSchema-instance" xsi:schemaLocation="http://www.loc.gov/MARC21/slim http://www.loc.gov/standards/marcxml/schema/MARC21slim.xsd" xmlns="http://www.loc.gov/MARC21/slim">
 <record>
  <leader>00000nam a2200000 i 4500</leader>
  <controlfield tag="001">UP-99946688290041722</controlfield>
  <controlfield tag="003">Buklod</controlfield>
  <controlfield tag="005">20221109161057.0</controlfield>
  <controlfield tag="006">m    |o  d |      </controlfield>
  <controlfield tag="007">ta</controlfield>
  <controlfield tag="008">221109s2019    enk         b 001 0 eng c</controlfield>
  <datafield tag="010" ind1=" " ind2=" ">
   <subfield code="a">2018054427</subfield>
  </datafield>
  <datafield tag="020" ind1=" " ind2=" ">
   <subfield code="a">9781138238145 (pbk)</subfield>
  </datafield>
  <datafield tag="035" ind1=" " ind2=" ">
   <subfield code="a">20809322</subfield>
  </datafield>
  <datafield tag="040" ind1=" " ind2=" ">
   <subfield code="a">LBSOR/DLC</subfield>
   <subfield code="b">eng</subfield>
   <subfield code="c">DMC</subfield>
   <subfield code="e">rda</subfield>
   <subfield code="d">DMC</subfield>
  </datafield>
  <datafield tag="041" ind1="0" ind2=" ">
   <subfield code="a">eng</subfield>
  </datafield>
  <datafield tag="050" ind1="0" ind2="0">
   <subfield code="a">PN 1990.9</subfield>
   <subfield code="b">P76 D89 2019</subfield>
  </datafield>
  <datafield tag="100" ind1="1" ind2=" ">
   <subfield code="a">Dwyer, Paul</subfield>
   <subfield code="q">(Paul Adrian)</subfield>
   <subfield code="e">author.</subfield>
  </datafield>
  <datafield tag="245" ind1="1" ind2="0">
   <subfield code="a">Understanding media production</subfield>
   <subfield code="c">Paul Dwyer.</subfield>
  </datafield>
  <datafield tag="264" ind1=" " ind2="1">
   <subfield code="a">London</subfield>
   <subfield code="a">New York</subfield>
   <subfield code="b">Routledge</subfield>
   <subfield code="c">2019.</subfield>
  </datafield>
  <datafield tag="300" ind1=" " ind2=" ">
   <subfield code="a">vii, 231 pages </subfield>
   <subfield code="b">illustrations</subfield>
   <subfield code="c">23 cm.</subfield>
  </datafield>
  <datafield tag="336" ind1=" " ind2=" ">
   <subfield code="a">text</subfield>
   <subfield code="2">rdacontent</subfield>
  </datafield>
  <datafield tag="337" ind1=" " ind2=" ">
   <subfield code="a">unmediated</subfield>
   <subfield code="2">rdamedia</subfield>
  </datafield>
  <datafield tag="338" ind1=" " ind2=" ">
   <subfield code="a">volume</subfield>
   <subfield code="2">rdacarrier</subfield>
  </datafield>
  <datafield tag="504" ind1=" " ind2=" ">
   <subfield code="a">Includes bibliographical references and index.</subfield>
  </datafield>
  <datafield tag="505" ind1="0" ind2="0">
   <subfield code="a">A theory of media production -- Producing feature films -- Producing studio shows -- Producing filmed TV series -- Producing news reports -- Producing TV formats -- Producing digital content -- Conclusions: creativity and innovation in media production.</subfield>
  </datafield>
  <datafield tag="520" ind1="0" ind2=" ">
   <subfield code="a">&quot;Through in-depth analysis of different types of film, TV and online content, Understanding Media Production examines whether media theory can help inform good practice in media production. Using contemporary examples including Pirates of The Caribbean, Game of Thrones, Love Island and PewDiePie's 'letsplay' videos, Dwyer tracks the evolution of these entertainment formats and outlines how industry sectors and regulatory structures emerged to produce them. Chapters describe the production practices associated with each type of media content, like single and multi-camera production, headlines and &quot;inverted pyramids&quot;, three-point lighting and gameplay animation. They also outline key production roles; directors, producers, reporters, correspondents etc. The book goes on to examine contemporary changes in these established production practices and professions, as media organisations use new technologies and process innovations to achieve efficiencies, reduce costs and increase profits. Understanding Media Production's comparative approach uniquely highlights the similarities and differences in the production strategies and styles used for a range of media products. Furthermore, it makes important links between the economic, socio-political and cultural factors which influence these practices. The book is designed to encourage constructive debate between media practitioners and media theorists and offer aspiring producers an introduction to understanding the main production methods used across the UK and US&quot;--</subfield>
   <subfield code="c">Provided by publisher.</subfield>
  </datafield>
  <datafield tag="650" ind1="0" ind2="0">
   <subfield code="a">Broadcasting</subfield>
   <subfield code="x">Production and direction</subfield>
   <subfield code="z">Great Britain.</subfield>
  </datafield>
  <datafield tag="650" ind1="0" ind2="0">
   <subfield code="a">Broadcasting</subfield>
   <subfield code="x">Production and direction</subfield>
   <subfield code="z">United States.</subfield>
  </datafield>
  <datafield tag="650" ind1="0" ind2="0">
   <subfield code="a">Digital media</subfield>
   <subfield code="x">Production and direction</subfield>
   <subfield code="z">Great Britain.</subfield>
  </datafield>
  <datafield tag="650" ind1="0" ind2="0">
   <subfield code="a">Digital media</subfield>
   <subfield code="x">Production and direction</subfield>
   <subfield code="z">United States.</subfield>
  </datafield>
  <datafield tag="650" ind1="0" ind2="0">
   <subfield code="a">Motion pictures</subfield>
   <subfield code="x">Production and direction</subfield>
   <subfield code="z">Great Britain.</subfield>
  </datafield>
  <datafield tag="650" ind1="0" ind2="0">
   <subfield code="a">Motion pictures</subfield>
   <subfield code="x">Production and direction</subfield>
   <subfield code="z">United States.</subfield>
  </datafield>
  <datafield tag="650" ind1="0" ind2="0">
   <subfield code="a">Television</subfield>
   <subfield code="x">Production and direction</subfield>
   <subfield code="z">Great Britain.</subfield>
  </datafield>
  <datafield tag="650" ind1="0" ind2="0">
   <subfield code="a">Television</subfield>
   <subfield code="x">Production and direction</subfield>
   <subfield code="z">United States.</subfield>
  </datafield>
  <datafield tag="905" ind1=" " ind2=" ">
   <subfield code="a">FO</subfield>
  </datafield>
  <datafield tag="852" ind1="0" ind2=" ">
   <subfield code="a">UPD</subfield>
   <subfield code="b">DMC</subfield>
   <subfield code="h">PN 1990.9 P76</subfield>
   <subfield code="i">D89 2019</subfield>
  </datafield>
  <datafield tag="942" ind1=" " ind2=" ">
   <subfield code="a">Book</subfield>
  </datafield>
 </record>
</collection>
